00601nam a22001812i 450000100060000000300100000600500170001600800410003303500190007404000340009304100080012708200240013510000260015924501120018526000410029730000560033860000250039416313(BD-RjUL)20211209000008.0140213s1953 enkacf 001 0aeng d a(BD-RjUL)16368 aGUAcGUAdUKMd(BD-RjUL)beng aeng a791.4218bGLJ 19531 aGlendenning, Raymond.10aJust a word in your ear /cby Raymond Glendenning ; with 27 illustrations and a foreword by Gordon Richards aLondon ;aNew York :bS. Paul,c1953 a192 p., 8 leaves of plates :bill., ports. ;c22 cm10aGlendenning, Raymond